| 000 | 02667nam a22003497a 4500 | ||
|---|---|---|---|
| 007 | cr | ||
| 008 | 250808e20250512ag |||||oz||| 00| 0 spa d | ||
| 020 | _a9786319100570 | ||
| 040 |
_cAR-FvUNAJ _dAR-FvUNAJ _eaacr2 |
||
| 041 | _aspa | ||
| 100 | 1 |
_918551 _aFreschi, Romina _eComp. |
|
| 245 | 1 | 0 |
_aRedes culturales en América Latina siglos XIX a XXI algunos entramados continentales : _bmodernismo, neobarroco y desbordes / _cCompiladores Rom Freschi y Ariela Schnirmajer |
| 260 |
_aFlorencio Varela : _bUniversidad Nacional Arturo Jauretche, _c2025 |
||
| 300 |
_a250 p. : _bDigital |
||
| 490 |
_aObras colectivas sobre resultados. Avances de investigación / Patricio Narodowski _v15 |
||
| 520 | _aEl concepto de redes culturales ha adquirido relevancia en el estudio de la literatura latinoamericana, especialmente en torno a la idea de religación, propuesta por Ángel Rama y Susana Zanetti. Este término alude a los vínculos entre escritores e intelectuales que trascienden fronteras nacionales, contribuyendo a la construcción de una idea transnacional de América Latina. Las redes culturales han sido fundamentales para consolidar posiciones políticas y estéticas a lo largo de los siglos XIX al XXI. Investigaciones recientes, como las de Claudio Maíz y Álvaro Fernández Bravo, o las de Liliana Weinberg, Alexandra Pita González y Horacio Tarcus, han explorado la creación colectiva que emerge de estas redes, cuando autores clave operan como nodos de conexión, en muchos casos, a través de su participación en la prensa periódica y en revistas. El proyecto aborda la dinámica de las redes en momentos específicos, su impacto en la poesía latinoamericana y su relación con archivos literarios, proponiendo una constante revisión de la tradición continental. | ||
| 540 |
_aEsta obra está bajo una Licencia Creative Commons Argentina. Atribución - No Comercial - Sin Derivadas 2.5 Argentina (CC BY-NC-ND 2.5 AR) _uhttps://creativecommons.org/licenses/by-nc-nd/2.5/ar/ |
||
| 650 | 2 | 7 |
_2unescot _9436 _aANALISIS DE REDES |
| 650 | 2 | 7 |
_2unescot _912926 _aINVESTIGACIÓN SOBRE LA COMUNICACIÓN |
| 650 | 2 | 7 |
_2unescot _9898 _aPERIODISMO |
| 650 | 2 | 7 |
_2unescot _93201 _aAMÉRICA LATINA |
| 653 | 2 | 0 | _aDiálogo intercultural |
| 653 | 2 | 0 | _aLiteratura Americana |
| 700 | 1 |
_918551 _aFreschi, Romina |
|
| 700 | 1 |
_921793 _aMartínez, Claudio |
|
| 700 | 1 |
_918550 _aPerna, María Cecilia |
|
| 700 | 1 |
_96858 _aSchnirmajer, Ariela |
|
| 830 |
_920784 _aObras Colectivas Sobre Resultados : Avances de Investigación _v15 |
||
| 856 |
_qapplication/pdf _uhttps://rid.unaj.edu.ar/handle/123456789/3226 |
||
| 942 |
_2ddc _cLIBRO DIGI |
||
| 999 |
_c11054 _d11054 |
||
| 980 |
_620072 _a Matías Regueira _820072 _g Matías Regueira |
||